Criminal Profiling International Theory, Research, and Practice /

The technique commonly referred to as ‘criminal profiling’ is one in which crime behaviours are evaluated to predict the likely attributes of an offender. In practice, the technique has enjoyed steady growth and interest over the past three decades. The present volume draws together research from sc...

Full description

Bibliographic Details
Corporate Author: SpringerLink (Online service)
Other Authors: Kocsis, Richard N. (Editor)
Format: Electronic eBook
Language:English
Published: Totowa, NJ : Humana Press, 2007.
Subjects:
Online Access:Full Text via HEAL-Link
LEADER 03763nam a22004095i 4500
001 978-1-60327-146-2
003 DE-He213
005 20151204185849.0
007 cr nn 008mamaa
008 100301s2007 xxu| s |||| 0|eng d
020 |a 9781603271462  |9 978-1-60327-146-2 
024 7 |a 10.1007/978-1-60327-146-2  |2 doi 
040 |d GrThAP 
050 4 |a RA1001-1171 
072 7 |a MMQ  |2 bicssc 
072 7 |a MED030000  |2 bisacsh 
082 0 4 |a 614.1  |2 23 
245 1 0 |a Criminal Profiling  |h [electronic resource] :  |b International Theory, Research, and Practice /  |c edited by Richard N. Kocsis. 
264 1 |a Totowa, NJ :  |b Humana Press,  |c 2007. 
300 |a XXII, 418 p. 10 illus.  |b online resource. 
336 |a text  |b txt  |2 rdacontent 
337 |a computer  |b c  |2 rdamedia 
338 |a online resource  |b cr  |2 rdacarrier 
347 |a text file  |b PDF  |2 rda 
505 0 |a Profiling Crimes of Violence -- Homicidal Syndromes -- Offender Profiles and Crime Scene Patterns in Belgian Sexual Murders -- Profiling Sexual Fantasy -- Murder by Manual and Ligature Strangulation -- Criminal Propensity and Criminal Opportunity -- New Techniques and Applications -- Case Linkage -- Predicting Offender Profiles From Offense and Victim Characteristics -- Criminal Profiling in a Terrorism Context -- Geographic Profiling of Terrorist Attacks -- Legal and Policy Considerations for Criminal Profiling -- Criminal Profiling as Expert Evidence? -- Criminal Profiling -- The Phenomenon of Serial Murder and the Judicial Admission of Criminal Profiling in Italy -- Criminal Profiling and Public Policy -- The Observations of the French Judiciary -- The Image of Profiling -- Critiques and Conceptual Dimensions to Criminal Profiling -- Contemporary Problems in Criminal Profiling* -- Fine-Tuning Geographical Profiling -- Skills and Accuracy in Criminal Profiling* -- Investigative Experience and Profile Accuracy -- Schools of Thought Related to Criminal Profiling. 
520 |a The technique commonly referred to as ‘criminal profiling’ is one in which crime behaviours are evaluated to predict the likely attributes of an offender. In practice, the technique has enjoyed steady growth and interest over the past three decades. The present volume draws together research from scholars and practitioners from across the globe that examines from a range of multidisciplinary perspectives the use, application and value of this form of profiling. The material canvassed throughout this text not only examines research and theoretical principles for the assessment of crimes, but extends to exploring the range of issues facing the theoretical development of criminal profiling and its practical, legal and professional practice. Topics include the examination of homicidal syndromes, the association of crime scene behavior patterns with offender characteristics, criminal propensity and opportunity, the identification of crimes committed by the same offender, the legal admissibility of profiling, its accuracy, and the problems confronting the contemporary practice of criminal profiling. This volume is likely to become an essential reference for forensic practitioners and students alike operating in the fields of criminology, law and policing and anyone with a genuine interest in the investigation and resolution of violent crime. 
650 0 |a Medicine. 
650 0 |a Forensic medicine. 
650 1 4 |a Medicine & Public Health. 
650 2 4 |a Forensic Medicine. 
700 1 |a Kocsis, Richard N.  |e editor. 
710 2 |a SpringerLink (Online service) 
773 0 |t Springer eBooks 
776 0 8 |i Printed edition:  |z 9781588296849 
856 4 0 |u http://dx.doi.org/10.1007/978-1-60327-146-2  |z Full Text via HEAL-Link 
912 |a ZDB-2-SME 
950 |a Medicine (Springer-11650)